Mots de la langue française terminés par "tome" - Statistiques

Statistiques générales
  • Ce quiz a été pris 142 fois
  • Le résultat moyen est 4 sur 11
Statistiques - réponses
Indice Mot % Correct
division de livre tome
94%
peut être crochu atome
88%
bleu hématome
62%
esprit fantôme
58%
signe symptôme
53%
jonc fleuri butome
6%
instrument de chirurgie servant à prélever des lamelles de peau dermatome
5%
tumeur de la peau kératome
5%
trouble de la vision scotome
4%
pathologie tératome
3%
pied de Madura mycétome
2%
Aucun quiz correspondant
Distribution des résultats
% des personnes avec chaque résultat
Percentile par nombre de réponses
Votre historique - résultats
Vous n’avez pas pris ce quiz